| 000 -ლიდერი |
| ფიქსირებული სიგრძის საკონტროლო ველი |
01255nam a2200241Ia 4500 |
| 001 - საკონტროლო ნომერი |
| საკონტროლო ველი |
16080 |
| 003 - საკონტროლო ნომრის იდენტიფიკატორი |
| საკონტროლო ველი |
GE_BSU |
| 005 - ბოლო ოპერაციის თარიღი და დრო |
| საკონტროლო ველი |
20241204164733.0 |
| 008 - ფიქსირებული სიგრძის მონაცემთა ელემენტები - ზოგადი ინფორმაცია |
| ფიქსირებული სიგრძის საკონტროლო ველი |
181216s2010||||ge |||||||||||||| ||geo|| |
| 040 ## - კატალოგიზაციის წყარო |
| Transcribing agency |
GE_BSU |
| 041 ## - ენის კოდი |
| Language code of text/sound track or separate title |
geo |
| 080 ## - უნივერსალური ათობითი კლასიფიკაციის ინდექსი |
| Universal Decimal Classification number |
577.34(075.8) ც-78 |
| 100 ## - მთავარი ჩანაწერი - პიროვნების სახელი |
| Personal name |
ციცქიშვილი, მარატ |
| 9 (RLIN) |
23856 |
| 245 ## - ცნობა სათაურის შესახებ |
| Title |
რადიობიოლოგიის და რადიაციული ეკოლოგიის საფუძვლები ; ტ. I : |
| Remainder of title |
რადიობიოლოგიის სასწავლო კურსი კოლეჯებისა და უნივერსიტეტებისათვის. |
| 264 ## - წარმოების, გამოცემის, დისტრიბუციის და სხვა ცნობები |
| გამოცემის, წარმოების, დისტრიბუციის... ადგილი |
თბილისი : |
| გამოცემის, წარმოების, დისტრიბუციის... სახელწოდება |
[გ.გ], |
| გამოცემის, წარმოების, დისტრიბუციის... თარიღი |
2010. |
| 300 ## - ფიზიკური აღწერა |
| Extent |
309 გვ. : |
| Other physical details |
ილ. ; |
| Dimensions |
27 სმ. |
| 500 ## - ზოგადი შენიშვნა |
| General note |
დანართი გვ. 297-304 |
| 653 ## - INDEX TERM--UNCONTROLLED |
| Uncontrolled term |
რადიობიოლოგია |
| 700 ## - ADDED ENTRY--PERSONAL NAME |
| Personal name |
მამაგეიშვილი, ინგა |
| Relator term |
ავტორი |
| 9 (RLIN) |
23857 |
| 700 ## - ADDED ENTRY--PERSONAL NAME |
| Personal name |
ქარჩავა, გულნარა |
| Relator term |
ავტორი |
| 9 (RLIN) |
23858 |
| 710 ## - ADDED ENTRY--CORPORATE NAME |
| Corporate name or jurisdiction name as entry element |
საქართველოს ეკოლოგიურ მეცნიერებათა აკადემია |
| 9 (RLIN) |
23859 |
| 942 ## - ADDED ENTRY ELEMENTS (KOHA) |
| Koha item type |
წიგნი |
| Source of classification or shelving scheme |
|